Creatheme : an e-commerce web application with content management system / (Record no. 4677)

MARC details
000 -LEADER
fixed length control field 01525nam a22003377a 4500
003 - CONTROL NUMBER IDENTIFIER
control field OSt
005 - DATE AND TIME OF LATEST TRANSACTION
control field 20260309022722.0
008 - FIXED-LENGTH DATA ELEMENTS--GENERAL INFORMATION
fixed length control field 260129b ||||| |||| 00| 0 eng d
040 ## - CATALOGING SOURCE
Language of cataloging English.
Transcribing agency CvSU-CCAT Campus Library.
Description conventions rda.
050 ## - LIBRARY OF CONGRESS CALL NUMBER
Classification number UM HF 5548.32
Item number L69 2022
100 ## - MAIN ENTRY--PERSONAL NAME
Personal name Lozano, Sonny Jr. C., author.
9 (RLIN) 18476
245 ## - TITLE STATEMENT
Title Creatheme : an e-commerce web application with content management system /
Statement of responsibility, etc. Sonny C. Lozano, Jr., Sonia Victoria Ayran, Carlo Ray Arcena.
260 ## - PUBLICATION, DISTRIBUTION, ETC.
Place of publication, distribution, etc. Rosario, Cavite :
Name of publisher, distributor, etc. Cavite State University-CCAT Campus,
Date of publication, distribution, etc. 2022.
300 ## - PHYSICAL DESCRIPTION
Extent xiii, 148 leaves :
Other physical details illustrations ;
Dimensions 28 cm
500 ## - GENERAL NOTE
General note Undergraduate Thesis (BSInfoTech) -- Cavite State University-CCAT Campus, 2022.
504 ## - BIBLIOGRAPHY, ETC. NOTE
Bibliography, etc. note Includes bibliographical references and appendices.
546 ## - LANGUAGE NOTE
Language note In English text
650 ## - SUBJECT ADDED ENTRY--TOPICAL TERM
Topical term or geographic name entry element E-commerce -- Web application.
9 (RLIN) 18477
650 ## - SUBJECT ADDED ENTRY--TOPICAL TERM
Topical term or geographic name entry element Content management systems (Web development).
9 (RLIN) 18478
650 ## - SUBJECT ADDED ENTRY--TOPICAL TERM
Topical term or geographic name entry element Small business -- Technological innovations.
9 (RLIN) 18479
650 ## - SUBJECT ADDED ENTRY--TOPICAL TERM
Topical term or geographic name entry element Web sites -- Design and construction.
9 (RLIN) 18480
650 ## - SUBJECT ADDED ENTRY--TOPICAL TERM
Topical term or geographic name entry element Computer software development.
9 (RLIN) 11764
650 ## - SUBJECT ADDED ENTRY--TOPICAL TERM
Topical term or geographic name entry element Agile software development.
9 (RLIN) 18481
650 ## - SUBJECT ADDED ENTRY--TOPICAL TERM
Topical term or geographic name entry element Agile scrum methodology.
9 (RLIN) 18482
700 ## - ADDED ENTRY--PERSONAL NAME
Personal name Ayran, Maria Victoria, author.
9 (RLIN) 18483
700 ## - ADDED ENTRY--PERSONAL NAME
Personal name Arcena, Carlo Ray, author.
9 (RLIN) 18484
700 ## - ADDED ENTRY--PERSONAL NAME
Personal name Abad, Jenerry Y., adviser.
9 (RLIN) 12022
700 ## - ADDED ENTRY--PERSONAL NAME
Personal name Topacio, Raven M., technical critic.
9 (RLIN) 9117
942 ## - ADDED ENTRY ELEMENTS (KOHA)
Source of classification or shelving scheme Library of Congress Classification
Koha item type Thesis/Manuscripts/Dissertations
Classification part HF 5548.32 L69 2022
Call number prefix UM
Holdings
Withdrawn status Lost status Source of classification or shelving scheme Damaged status Not for loan Collection code Home library Current library Shelving location Date acquired Coded location qualifier Total Checkouts Full call number Barcode Date last seen Copy number Price effective from Koha item type
    Library of Congress Classification     Thesis/Manuscript/Dissertation Cavite State University - CCAT Campus Cavite State University - CCAT Campus TH 09/24/2025 UM   UM HF 5548.32 L69 2022 T0005430 01/29/2026 1 01/29/2026 Thesis/Manuscripts/Dissertations